000 00659nam a22002417a 4500
003 UA-OsUOA
001 80237
007 ta
008 20111205b un ||||| |||| 00| 0 ukr d
100 _aБілецький Б.
090 _a821.161.2
_bБ67
942 _cBK
040 _aUA-OsUOA
_bukr
_cUA-OsUOA
_dUA-OsUOA
245 _aСонет про новизну
_bпоезії
300 _a155 с.
955 _a3
041 _aukr
080 _a821.161.2
020 _a966-7518-50-7
260 _aРівне
_bВолинські обереги
_c2001
650 7 _a82 Література. Літературознавство
_2UDC
999 _c366556
_d366556